000 00983 a2200205 4500
003 Nust
005 20230516100059.0
010 _a 81012748
020 _a0882841750 (pbk.) :
040 _cNust
082 0 0 _a001.6404,JER
100 1 _aJermann, William H.,
_9112348
245 1 4 _aThe structure and programming of microcomputers /
_cWilliam H. Jermann.
260 _aSherman Oaks, CA :
_bAlfred Pub. Co.,
_cc1982.
300 _axiii, 368 p. :
_bill. ;
_c26 cm.
440 0 _aComputer science and data processing series
_9112349
505 _aIntroduction (Page-1), Fundamentals Concepts (Page-8), Organization of Digital Computers (Page-32), Introduction to programming (Page-52), The 8080 Family of Microprocessors (Page-85), The M6800 Family of Microcomputers (Page-123), Introduction to Basic Computer Components (Page-152), Software Developments (Page-215), Microcomputer Applications (Page-274).
650 0 _aMicrocomputers.
_98096
942 _2ddc
_cBKB
_k001.6404,JER
999 _c176480
_d176480